000 003250000a22001450004500
003 MACL
040 _aMACL
090 _c5167
_d5166
100 _aDesai, Dr. Neera
245 _aA Decade Of Women's Movement In India
260 _bHimalaya Publishing House
_c1988
350 _a125
650 _aSociology
942 _cBOOK
_k300
999 _c5129
_d5129